logo

Bir Sreshtho Munshi Abdur Rouf Library
Jhenaidah Cadet College

শরৎ সাহিত্যসমগ্র / (Record no. 9960)

MARC details
000 -LEADER
fixed length control field 00685nam a2200217 a 4500
001 - CONTROL NUMBER
JCCL Control Number 9960
003 - CONTROL NUMBER IDENTIFIER
JCCL marc code BD-JhCC
005 - DATE AND TIME OF LATEST TRANSACTION
control field 20221107134024.0
008 - FIXED-LENGTH DATA ELEMENTS--GENERAL INFORMATION
fixed length control field 180403s1393 ii |||| |||| 000 0 ben d
035 ## - SYSTEM CONTROL NUMBER
system control number (BD-JhCC)9960
040 ## - CATALOGING SOURCE
Original cataloging agency BD-JhCC
Modifying agency BD-JhCC
041 ## - LANGUAGE CODE
Language code of Book ben
082 ## - DEWEY DECIMAL CLASSIFICATION NUMBER
Classification number 891.443
Author mark and Year SHO 1393
245 ## - TITLE STATEMENT
Title শরৎ সাহিত্যসমগ্র /
Statement of responsibility, etc সুকুমান সেন [সম্পা],
260 ## - PUBLICATION, DISTRIBUTION, ETC. (IMPRINT)
Place of publication, distribution, etc কলকাতা :
Name of publisher, distributor, etc আনন্দ পাবলিশর্স লিমিটেড,
Date of publication, distribution, etc 1393.
300 ## - PHYSICAL DESCRIPTION
Pagination 1104 p. :
Dimensions 27 cm.
526 ## - STUDY PROGRAM INFORMATION NOTE
Requested Dept. meraj
650 ## - SUBJECT ADDED ENTRY--TOPICAL TERM
Topical term or geographic name as entry element Bengali Literature
700 ## - ADDED ENTRY--PERSONAL NAME
Personal name সেন, সুকুমার
942 ## - ADDED ENTRY ELEMENTS (KOHA)
Source of classification or shelving scheme Dewey Decimal Classification
Koha item type Books
Koha issues (borrowed), all copies 4
Holdings
Source of classification or shelving scheme volume number Damaged status Not for loan Home library Current library Shelving location Date of accession Cost, normal purchase price Total Checkouts Full call number Barcode Date last seen Date checked out Copy number Koha item type
Dewey Decimal Classification V-1     JCC Rouf Library JCC Rouf Library General Stacks 03/04/2018 160.00 3 891.443 SHO 1393 12875 12/22/2022 11/06/2022 C-1 Books
Dewey Decimal Classification V-2     JCC Rouf Library JCC Rouf Library General Stacks 03/04/2018 160.00 1 891.443 SHO 1393 12876 02/27/2025 11/09/2024 C-1 Books

JCC Library | Contacts | JCC Home

Last Update on 23 September 2017
Copyright @ 2017-2020 JCC Rouf Library
Rouf Library, Jhenidah Cadet College (JCC), Bangladesh